| 000 | 00974nam a2200265 i 4500 | ||
|---|---|---|---|
| 001 | bg | ||
| 003 | BPK | ||
| 005 | 20221024152612.0 | ||
| 008 | 990421s1983 pl a f f |000 0 pol | ||
| 015 | _aPB 1984/4798 | ||
| 040 |
_aWA N _cBPK |
||
| 041 | 0 | _apol | |
| 080 | _a669.017 | ||
| 080 | _a(075.8) | ||
| 100 | 1 |
_aRudnik, Stanisław _d(1923-2004) _eAutor |
|
| 245 | 1 | 0 |
_aMetaloznawstwo : _bskrypt dla studentów wyższych szkół technicznych do przedmiotu Materiałoznawstwo. _nCz. 2 / _cStanisław Rudnik ; Politechnika Krakowska im. Tadeusza Kościuszki. |
| 250 | _aWyd. 2. | ||
| 260 |
_aKraków : _bPK, _c1983. |
||
| 300 |
_a340 s. : _bfot., rys., wykr. ; _c24 cm. |
||
| 655 | 4 | _aPodręczniki akademickie | |
| 650 | 4 | _aMetaloznawstwo | |
| 710 | 2 |
_aPolitechnika Krakowska im. Tadeusza Kościuszki _bWydawnictwo _4pbl. |
|
| 942 |
_2UKD _cKS |
||
| 856 |
_uhttp://koha.tu.koszalin.pl/cgi-bin/koha/opac-detail.pl?biblionumber=936 _yKatalog online BPK |
||
| 999 |
_c936 _d936 |
||